[Event "Quebec op"]
[Site "Montreal"]
[Date "2013.07.23"]
[Round "4"]
[White "De Lagrave, Sylvain"]
[Black "Bergeron, Rene"]
[Result "1/2-1/2"]
[WhiteElo "1921"]
[BlackElo "1725"]
[PlyCount "89"]
[EventDate "2013.07.21"]
[EventType "swiss"]
[EventRounds "9"]
[EventCountry "CAN"]
[SourceTitle "EXT 2022"]
[Source "ChessBase"]
[SourceDate "2021.10.06"]
[SourceVersion "1"]
[SourceVersionDate "2021.10.06"]
[SourceQuality "1"]

1. e4 c5 2. Nf3 e6 3. c3 d5 4. e5 Ne7 5. d4 cxd4 6. Nxd4 Nbc6 7. f4 Ng6 8. Nxc6 bxc6 9. Be3 Be7 10. Nd2 0-0 11. g3 a5 12. h4 Re8 13. Nf3 Nf8 14. Bd3 Ba6 15. Bxa6 Rxa6 16. Ng5 c5 17. Qh5 g6 18. Qe2 Rb6 19. h5 d4 20. hxg6 fxg6 21. Rd1 Qa8 22. Qh2 Bxg5 23. fxg5 Rxb2 24. Qxb2 Qxh1+ 25. Ke2 Qg2+ 26. Bf2 Qe4+ 27. Kf1 Qxe5 28. cxd4 cxd4 29. Qxd4 Qxg5 30. Re1 Rc8 31. Qb2 Qf5 32. Qe5 Rc2 33. Qxf5 exf5 34. a3 Rc3 35. Re8 Kf7 36. Ra8 Rxa3 37. Rxf8+ Kxf8 38. Bc5+ Kf7 39. Bxa3 Ke6 40. Ke2 Kd5 41. Kd3 g5 42. Ke3 Kc4 43. Be7 h6 44. Bf8 h5 45. Be7 1/2-1/2

[Event "Montreal Mercredi 04"]
[Site "Montreal"]
[Date "2013.05.01"]
[Round "5"]
[White "Trottier, Luc"]
[Black "Bergeron, Rene"]
[Result "0-1"]
[WhiteElo "1613"]
[BlackElo "1733"]
[PlyCount "54"]
[EventDate "2013.04.03"]
[EventType "swiss"]
[EventRounds "5"]
[EventCountry "CAN"]
[SourceTitle "EXT 2014"]
[Source "ChessBase"]
[SourceDate "2013.11.20"]
[SourceVersion "1"]
[SourceVersionDate "2013.11.20"]
[SourceQuality "1"]

1. d4 d5 2. c4 e6 3. Nc3 c5 4. cxd5 exd5 5. Nf3 Nc6 6. e3 Nf6 7. Be2 Bd6 8. dxc5 Bxc5 9. 0-0 0-0 10. Nd4 Ne5 11. h3 a6 12. Qc2 Qd6 13. Nf5 Qe6 14. Nd4 Qd7 15. f4 Nc6 16. Nf3 Ba7 17. a3 Qe7 18. Qd3 Rd8 19. Nd4 Ne4 20. Bf3 Nxd4 21. exd4 Nf6 22. Bd2 Be6 23. Rfe1 Qd6 24. f5 Bd7 25. Re5 Qb6 26. b4 Qxd4+ 27. Qxd4 Bxd4+ 0-1

[Event "Montreal Mercredi 04"]
[Site "Montreal"]
[Date "2013.04.17"]
[Round "3"]
[White "Bergeron, Rene"]
[Black "Munshi, Shawkat"]
[Result "0-1"]
[WhiteElo "1733"]
[BlackElo "1630"]
[PlyCount "122"]
[EventDate "2013.04.03"]
[EventType "swiss"]
[EventRounds "5"]
[EventCountry "CAN"]
[SourceTitle "EXT 2014"]
[Source "ChessBase"]
[SourceDate "2013.11.20"]
[SourceVersion "1"]
[SourceVersionDate "2013.11.20"]
[SourceQuality "1"]

1. c4 Nf6 2. Nc3 c5 3. Nf3 e6 4. g3 b6 5. Bg2 Bb7 6. 0-0 Be7 7. a3 0-0 8. Rb1 d6 9. b4 Nbd7 10. d4 cxd4 11. Qxd4 e5 12. Qd2 Ne4 13. Nxe4 Bxe4 14. Ra1 Rc8 15. Qc3 d5 16. Nd2 Bxg2 17. Kxg2 dxc4 18. Bb2 b5 19. Kg1 Nb6 20. Ne4 f6 21. Rad1 Qc7 22. Qf3 Rfd8 23. Nc3 a6 24. Qf5 Rxd1 25. Rxd1 Rd8 26. Qe6+ Kf8 27. Rxd8+ Qxd8 28. Bc1 Qd6 29. Qf5 Qd4 30. Be3 Qxc3 31. Bxb6 Qxa3 32. Qc8+ Kf7 33. Bc5 Bxc5 34. bxc5 Qa1+ 35. Kg2 Qd4 36. c6 b4 37. Qb7+ Kg6 38. c7 c3 39. c8Q h5 40. Qe8+ Kh6 41. Qef7 Qg4 42. f3 Qg5 43. Qxb4 c2 44. f4 exf4 45. Qb2 f3+ 46. Kxf3 c1Q 47. Qfb3 Qh1+ 48. Kf2 Qxh2+ 49. Kf1 Qf5+ 50. Ke1 Qff2+ 51. Kd1 Qhg1+ 52. Kd2 Qge1+ 53. Kd3 Qxg3+ 54. Kd4 Qe5+ 55. Kd3 Q1g3+ 56. Kd2 Qd6+ 57. Qd3 Qdxd3+ 58. exd3 Qh2+ 59. Kc3 Qxb2+ 60. Kxb2 Kg6 61. Kc3 Kf7 0-1

[Event "Montreal Mercredi 04"]
[Site "Montreal"]
[Date "2013.04.10"]
[Round "2"]
[White "Heredia, Jose"]
[Black "Bergeron, Rene"]
[Result "1/2-1/2"]
[WhiteElo "1778"]
[BlackElo "1733"]
[PlyCount "90"]
[EventDate "2013.04.03"]
[EventType "swiss"]
[EventRounds "5"]
[EventCountry "CAN"]
[SourceTitle "EXT 2014"]
[Source "ChessBase"]
[SourceDate "2013.11.20"]
[SourceVersion "1"]
[SourceVersionDate "2013.11.20"]
[SourceQuality "1"]

1. e4 c5 2. Nf3 e6 3. d4 d5 4. Bb5+ Bd7 5. Qe2 dxe4 6. Bxd7+ Nxd7 7. Qxe4 Qb6 8. 0-0 Ngf6 9. dxc5 Bxc5 10. Qe2 0-0 11. Nc3 Bd6 12. b3 Rac8 13. Bb2 a6 14. Na4 Qc7 15. c4 Ng4 16. h3 Nge5 17. Nxe5 Bxe5 18. Rfd1 Bxb2 19. Nxb2 Rfd8 20. Rd2 Nf6 21. Rad1 Rxd2 22. Qxd2 h6 23. Qd6 Qxd6 24. Rxd6 Ne4 25. Rd7 b5 26. cxb5 axb5 27. f3 Rc1+ 28. Rd1 Rc2 29. fxe4 Rxb2 30. Rd8+ Kh7 31. Ra8 Kg6 32. a4 Rxb3 33. axb5 Rxb5 34. Kf2 Kf6 35. Ra7 h5 36. h4 g5 37. hxg5+ Rxg5 38. g3 Rb5 39. Kf3 Kg6 40. Ra6 Kg5 41. Ra8 Rb3+ 42. Kf2 Kg4 43. Rg8+ Kh3 44. Rh8 Rb5 45. Rh7 f5 1/2-1/2

[Event "Montreal Mercredi 01"]
[Site "Montreal"]
[Date "2013.01.16"]
[Round "2"]
[White "Cote, Philippe"]
[Black "Bergeron, Rene"]
[Result "1/2-1/2"]
[WhiteElo "1749"]
[BlackElo "1734"]
[PlyCount "41"]
[EventDate "2013.01.09"]
[EventType "swiss"]
[EventRounds "5"]
[EventCountry "CAN"]
[SourceTitle "EXT 2014"]
[Source "ChessBase"]
[SourceDate "2013.11.20"]
[SourceVersion "1"]
[SourceVersionDate "2013.11.20"]
[SourceQuality "1"]

1. e4 c5 2. Nf3 Nc6 3. b4 Nxb4 4. c3 Nc6 5. d4 cxd4 6. cxd4 e6 7. Be2 Bb4+ 8. Bd2 Qa5 9. 0-0 Nf6 10. Bd3 0-0 11. e5 Nd5 12. Bxh7+ Kxh7 13. Ng5+ Kg6 14. Qg4 f5 15. Qh4 Bxd2 16. Qh7+ Kxg5 17. Qxg7+ Kh5 18. Qxf8 Nf4 19. Qh8+ Kg6 20. Qg8+ Kh5 21. Qh8+ 1/2-1/2

[Event "Montreal Mercredi 11"]
[Site "Montreal"]
[Date "2012.11.28"]
[Round "3"]
[White "Cote, Philippe"]
[Black "Bergeron, Rene"]
[Result "1-0"]
[WhiteElo "1760"]
[BlackElo "1740"]
[PlyCount "135"]
[EventDate "2012.11.14"]
[EventType "swiss"]
[EventRounds "5"]
[EventCountry "CAN"]
[SourceTitle "EXT 2022"]
[Source "ChessBase"]
[SourceDate "2021.10.06"]
[SourceVersion "1"]
[SourceVersionDate "2021.10.06"]
[SourceQuality "1"]

1. e4 d5 2. exd5 Qxd5 3. Nc3 Qd6 4. Nge2 e5 5. Ne4 Qg6 6. N2c3 f5 7. Ng3 Bd7 8. d4 Nc6 9. dxe5 Nxe5 10. Qe2 0-0-0 11. Bf4 Bd6 12. Qe3 Nc6 13. 0-0-0 Bxf4 14. Qxf4 Qh6 15. Qxh6 Nxh6 16. h3 Nf7 17. f4 h6 18. Bd3 Nd6 19. h4 Nb4 20. Be2 Rhe8 21. a3 Nc6 22. Bf3 Na5 23. Nh5 Re7 24. Nd5 Rf7 25. Ng3 c6 26. Bh5 g6 27. Bxg6 Rg7 28. Nb6+ axb6 29. Rxd6 Nc4 30. Rf6 Ne3 31. Nh5 Re7 32. g3 Be6 33. Re1 Bd5 34. Ng7 Bf3 35. Ne6 Rd6 36. Rf8+ Kd7 37. Rd8+ Kxe6 38. Rxe3+ Be4 39. Bxf5+ Kxf5 40. Rxd6 Rh7 41. Kd2 Bd5 42. Rd8 Kg4 43. c3 Rg7 44. Ke1 h5 45. Kf2 Kh3 46. Rde8 c5 47. R8e5 Bc6 48. Rxh5 Rd7 49. Rhe5 Rd1 50. Re1 Rd3 51. R5e3 Rd2+ 52. R3e2 Rd3 53. Rg1 Rf3+ 54. Ke1 Kg4 55. Rf2 Re3+ 56. Kd2 Re8 57. f5 Rd8+ 58. Ke3 Re8+ 59. Kd3 Be4+ 60. Kc4 Bxf5 61. Rf4+ Kh3 62. Rxf5 Re2 63. g4 Rxb2 64. g5 Kxh4 65. g6 b5+ 66. Kd5 Rd2+ 67. Kxc5 Rd8 68. g7 1-0

[Event "Montreal Mercredi 02"]
[Site "Montreal"]
[Date "2012.03.14"]
[Round "4"]
[White "Gauthier, Luc"]
[Black "Bergeron, Rene"]
[Result "1-0"]
[WhiteElo "1738"]
[BlackElo "1747"]
[PlyCount "73"]
[EventDate "2012.02.22"]
[EventType "swiss"]
[EventRounds "5"]
[EventCountry "CAN"]
[SourceTitle "EXT 2022"]
[Source "ChessBase"]
[SourceDate "2021.10.06"]
[SourceVersion "1"]
[SourceVersionDate "2021.10.06"]
[SourceQuality "1"]

1. e4 e5 2. Nc3 Nc6 3. f4 Nf6 4. Nf3 d6 5. Bb5 Bg4 6. 0-0 Be7 7. d3 0-0 8. Bxc6 bxc6 9. h3 Bc8 10. fxe5 dxe5 11. Be3 Nd7 12. Qd2 a6 13. Ne2 Rb8 14. b3 Bb4 15. Qd1 Qe7 16. Kh2 Nf6 17. Bg5 Qe6 18. Ng3 h6 19. Be3 Qe7 20. Nd2 Bc5 21. Bxc5 Qxc5 22. Nc4 Be6 23. Nf5 Bxc4 24. bxc4 Kh7 25. Qf3 Rb2 26. Nxg7 Nxe4 27. Qxe4+ Kxg7 28. Qg4+ Kh8 29. Rf6 Kh7 30. Qh5 Qe3 31. Rxf7+ Rxf7 32. Qxf7+ Kh8 33. Qf8+ Kh7 34. Rf1 Qf4+ 35. Rxf4 exf4 36. Qf7+ Kh8 37. Qf6+ 1-0

[Event "Montreal Pere Noel"]
[Site "Montreal"]
[Date "2011.12.27"]
[Round "2"]
[White "Humphreys, Michael"]
[Black "Bergeron, Rene"]
[Result "1-0"]
[WhiteElo "2234"]
[BlackElo "1665"]
[PlyCount "51"]
[EventDate "2011.12.26"]
[EventType "swiss"]
[EventRounds "5"]
[EventCountry "CAN"]
[SourceTitle "EXT 2022"]
[Source "ChessBase"]
[SourceDate "2021.10.06"]
[SourceVersion "1"]
[SourceVersionDate "2021.10.06"]
[SourceQuality "1"]

1. Nf3 d5 2. d4 Nd7 3. c4 e6 4. Nc3 Ngf6 5. Bg5 Be7 6. e3 0-0 7. Rc1 c6 8. Bd3 h6 9. Bh4 Re8 10. 0-0 dxc4 11. Bxc4 Nd5 12. Bg3 Bf6 13. e4 Nxc3 14. Rxc3 Be7 15. a3 Nf6 16. Re1 b5 17. Bxb5 cxb5 18. Bc7 Nxe4 19. Bxd8 Nxc3 20. bxc3 Rxd8 21. Ne5 Bb7 22. Qh5 Rf8 23. Re3 Bxa3 24. Rg3 Be7 25. Qxh6 g5 26. Rh3 1-0

[Event "Montreal Mercredi 08"]
[Site "Montreal"]
[Date "2011.09.28"]
[Round "5"]
[White "Bergeron, Rene"]
[Black "Barko, Maxim"]
[Result "1-0"]
[WhiteElo "1709"]
[BlackElo "1774"]
[PlyCount "102"]
[EventDate "2011.08.31"]
[EventType "swiss"]
[EventRounds "5"]
[EventCountry "CAN"]
[SourceTitle "EXT 2022"]
[Source "ChessBase"]
[SourceDate "2021.10.06"]
[SourceVersion "1"]
[SourceVersionDate "2021.10.06"]
[SourceQuality "1"]

1. c4 Nf6 2. Nc3 g6 3. g3 Bg7 4. Bg2 d6 5. d4 0-0 6. Nf3 Nbd7 7. 0-0 c6 8. a3 a5 9. b3 e5 10. d5 e4 11. Nd2 Nxd5 12. cxd5 Bxc3 13. Rb1 cxd5 14. b4 axb4 15. axb4 Bg7 16. Nb3 Nb6 17. Be3 Be6 18. Na5 Na4 19. Qxa4 b6 20. Bxb6 Qxb6 21. Qc6 Rfb8 22. Qxb6 Rxb6 23. Rfc1 f5 24. e3 Rc8 25. Rxc8+ Bxc8 26. Rc1 Bd7 27. Rc7 Ba4 28. Rb7 Rxb7 29. Nxb7 Bc3 30. Nxd6 Bxb4 31. Nc8 Bc5 32. Bf1 Bc6 33. Ba6 Kg7 34. Kg2 Kf6 35. h4 Kg7 36. Kh3 Kh6 37. Kg2 Kh5 38. Be2+ Kh6 39. Ba6 g5 40. Kh3 Bd7 41. Bb7 g4+ 42. Kg2 d4 43. exd4 Bxd4 44. Nd6 Kg6 45. Bd5 h5 46. Bf7+ Kh6 47. Be8 Be6 48. Bf7 Bd7 49. Nc4 Bc5 50. Ne5 Bb5 51. Be6 e3 1-0

[Event "Montreal Mercredi 08"]
[Site "Montreal"]
[Date "2011.09.07"]
[Round "2"]
[White "Millette, Sylvain"]
[Black "Bergeron, Rene"]
[Result "1-0"]
[WhiteElo "1627"]
[BlackElo "1709"]
[PlyCount "59"]
[EventDate "2011.08.31"]
[EventType "swiss"]
[EventRounds "5"]
[EventCountry "CAN"]
[SourceTitle "EXT 2022"]
[Source "ChessBase"]
[SourceDate "2021.10.06"]
[SourceVersion "1"]
[SourceVersionDate "2021.10.06"]
[SourceQuality "1"]

1. Nf3 Nc6 2. g3 d5 3. d4 Bg4 4. Bg2 Qd7 5. Nc3 Bh3 6. 0-0 h5 7. Bxh3 Qxh3 8. Nxd5 0-0-0 9. Ng5 Qf5 10. e4 Qg6 11. f4 f5 12. exf5 Qxf5 13. Ne3 Qf6 14. c3 e6 15. Qe2 Re8 16. Nc4 h4 17. Ne5 hxg3 18. hxg3 Nxe5 19. fxe5 Qh6 20. Qg2 Qh5 21. Nxe6 Rxe6 22. Rxf8+ Kd7 23. Qd5+ Rd6 24. e6+ Ke7 25. Qxh5 Rxh5 26. Rxg8 Kf6 27. e7 Kxe7 28. Rxg7+ Kf8 29. Rg5 Rdh6 30. Rxh5 1-0

[Event "Quebec op"]
[Site "Montreal"]
[Date "2011.07.30"]
[Round "9"]
[White "Goldner, John"]
[Black "Bergeron, Rene"]
[Result "0-1"]
[WhiteElo "1683"]
[BlackElo "1587"]
[PlyCount "112"]
[EventDate "2011.07.23"]
[EventType "swiss"]
[EventRounds "9"]
[EventCountry "CAN"]
[SourceTitle "EXT 2022"]
[Source "ChessBase"]
[SourceDate "2021.10.06"]
[SourceVersion "1"]
[SourceVersionDate "2021.10.06"]
[SourceQuality "1"]

1. e4 c5 2. Nf3 d6 3. d4 cxd4 4. Nxd4 Nf6 5. Nc3 a6 6. Bg5 e6 7. f4 Be7 8. Qf3 h6 9. Bh4 Qb6 10. 0-0-0 Nxe4 11. Nxe4 Bxh4 12. Qg4 Nc6 13. Nxc6 Qe3+ 14. Nd2 Bf6 15. Nb4 Bd7 16. Qf3 Qb6 17. Qb3 Qc7 18. Ne4 Be7 19. Qc3 Qb6 20. Qd4 Qxd4 21. Rxd4 d5 22. Nxd5 exd5 23. Rxd5 Bc6 24. Rd4 Rd8 25. Rxd8+ Bxd8 26. Bd3 Bc7 27. f5 0-0 28. g3 Re8 29. Re1 Re5 30. g4 Ra5 31. Nc3 Bxh2 32. Re2 Bf4+ 33. Kb1 Re5 34. Rxe5 Bxe5 35. Ne4 g5 36. b3 h5 37. gxh5 g4 38. Ng5 g3 39. h6 g2 40. Nh3 Bh2 41. c4 Bf3 42. h7+ Kh8 43. Kb2 f6 44. b4 Bg4 45. Be4 Bxh3 46. Bxg2 Bxg2 47. Kc3 Be4 48. c5 Be5+ 49. Kc4 Bxf5 50. Kd5 Bb1 51. a4 Ba2+ 52. Ke4 Bb3 53. b5 axb5 54. axb5 Ba4 55. b6 Bc6+ 56. Kf5 Kxh7 0-1

[Event "Quebec op"]
[Site "Montreal"]
[Date "2011.07.29"]
[Round "8"]
[White "Gauthier, Denis"]
[Black "Bergeron, Rene"]
[Result "0-1"]
[WhiteElo "1996"]
[BlackElo "1587"]
[PlyCount "66"]
[EventDate "2011.07.23"]
[EventType "swiss"]
[EventRounds "9"]
[EventCountry "CAN"]
[SourceTitle "EXT 2022"]
[Source "ChessBase"]
[SourceDate "2021.10.06"]
[SourceVersion "1"]
[SourceVersionDate "2021.10.06"]
[SourceQuality "1"]

1. d4 d5 2. c4 e6 3. Nc3 Nf6 4. cxd5 exd5 5. Bg5 Be7 6. e3 0-0 7. Bd3 Nbd7 8. Nge2 c5 9. dxc5 Nxc5 10. 0-0 Nxd3 11. Qxd3 Be6 12. Rfd1 Qd6 13. Bf4 Qb6 14. Be5 Rfd8 15. a3 a6 16. b4 Rd7 17. Rac1 Qd8 18. Nd4 Ng4 19. Bg3 Bf6 20. f4 Bxd4 21. Qxd4 Rc8 22. h3 Nh6 23. Bf2 Rdc7 24. g4 f5 25. Qe5 Qd7 26. g5 Nf7 27. Qd4 Nd6 28. Kg2 Nb5 29. Nxb5 Rxc1 30. Rxc1 Rxc1 31. Qb2 Qc8 32. Nd4 Bd7 33. Ne2 Rc2 0-1

[Event "Quebec op"]
[Site "Montreal"]
[Date "2011.07.27"]
[Round "6"]
[White "Brodie, Hugh"]
[Black "Bergeron, Rene"]
[Result "1-0"]
[WhiteElo "1833"]
[BlackElo "1587"]
[PlyCount "83"]
[EventDate "2011.07.23"]
[EventType "swiss"]
[EventRounds "9"]
[EventCountry "CAN"]
[SourceTitle "EXT 2022"]
[Source "ChessBase"]
[SourceDate "2021.10.06"]
[SourceVersion "1"]
[SourceVersionDate "2021.10.06"]
[SourceQuality "1"]

1. e4 e5 2. Nc3 Nf6 3. f4 d6 4. Nf3 Bg4 5. Bc4 Nbd7 6. 0-0 Be7 7. h3 Bxf3 8. Qxf3 0-0 9. d3 c6 10. Ne2 b5 11. Bb3 Nc5 12. Ng3 Nxb3 13. axb3 Nd7 14. Nf5 exf4 15. d4 c5 16. c3 Nf6 17. Bxf4 cxd4 18. cxd4 g6 19. Nxe7+ Qxe7 20. Bg5 Qxe4 21. Bxf6 Qxf3 22. Rxf3 Rfe8 23. Ra6 d5 24. Rd6 Re2 25. Rxd5 b4 26. Re5 Rxb2 27. Rfe3 Rf8 28. Ra5 Rc2 29. Rxa7 Rc3 30. Rxc3 bxc3 31. Rc7 c2 32. Rxc2 Rb8 33. b4 h6 34. b5 g5 35. Rb2 Kf8 36. b6 Rb7 37. Bd8 Ke8 38. Bc7 Kd7 39. Kf2 f5 40. Ke3 h5 41. Rb5 Ke6 42. Re5+ 1-0

[Event "Quebec op"]
[Site "Montreal"]
[Date "2011.07.24"]
[Round "3"]
[White "Bergeron, Rene"]
[Black "Giroux, Robert"]
[Result "1-0"]
[WhiteElo "1587"]
[BlackElo "1886"]
[PlyCount "107"]
[EventDate "2011.07.23"]
[EventType "swiss"]
[EventRounds "9"]
[EventCountry "CAN"]
[SourceTitle "EXT 2022"]
[Source "ChessBase"]
[SourceDate "2021.10.06"]
[SourceVersion "1"]
[SourceVersionDate "2021.10.06"]
[SourceQuality "1"]

1. c4 c5 2. Nf3 Nf6 3. Nc3 e6 4. g3 b6 5. Bg2 Bb7 6. 0-0 Be7 7. e3 0-0 8. d4 a6 9. a3 Qc7 10. b3 d6 11. Bd2 Nbd7 12. Rc1 Rac8 13. Re1 Qb8 14. Qe2 Rfe8 15. Rb1 Ne4 16. b4 Nxc3 17. Bxc3 Be4 18. Rb2 Qa8 19. Rd1 cxd4 20. exd4 b5 21. c5 Bd5 22. Ne1 Bxg2 23. Nxg2 e5 24. dxe5 Nxe5 25. Bxe5 dxe5 26. Rd7 Rcd8 27. Rbd2 Rxd7 28. Rxd7 Qc6 29. Qd3 a5 30. Ne3 axb4 31. axb4 g6 32. Qd5 Qc8 33. Ng4 Rd8 34. Nxe5 Rxd7 35. Qxd7 Qxd7 36. Nxd7 f6 37. Nb6 Kf7 38. Nd5 Bf8 39. Kf1 f5 40. Ke2 Bg7 41. Kd3 Be5 42. f4 Bb2 43. Nc7 Ke7 44. Nxb5 Kd7 45. Nd4 Ba3 46. Kc4 Bb2 47. c6+ Kd6 48. b5 h6 49. b6 g5 50. b7 Kc7 51. Nb5+ Kb8 52. Kd5 Bg7 53. Ke6 gxf4 54. gxf4 1-0

[Event "Quebec op"]
[Site "Montreal"]
[Date "2011.07.24"]
[Round "2.41"]
[White "Bergeron, Rene"]
[Black "Wu, Qiyou"]
[Result "0-1"]
[WhiteElo "1587"]
[BlackElo "1942"]
[PlyCount "111"]
[EventDate "2011.07.23"]
[EventType "swiss"]
[EventRounds "9"]
[EventCountry "CAN"]
[SourceTitle "EXT 2022"]
[Source "ChessBase"]
[SourceDate "2021.10.06"]
[SourceVersion "1"]
[SourceVersionDate "2021.10.06"]
[SourceQuality "1"]

1. c4 c5 2. Nf3 Nc6 3. Nc3 e5 4. g3 g6 5. Bg2 Bg7 6. 0-0 Nge7 7. Ne4 d6 8. d3 0-0 9. Rb1 h6 10. a3 a5 11. Bd2 f5 12. Nc3 Be6 13. Nb5 Kh7 14. e3 Rc8 15. b4 axb4 16. axb4 cxb4 17. Bxb4 Nxb4 18. Rxb4 d5 19. Na7 Rc7 20. Nd2 e4 21. Nb5 Rc8 22. Nd4 Bxd4 23. exd4 b6 24. Qb1 Rb8 25. c5 bxc5 26. dxc5 Nc6 27. Rb7+ Rf7 28. Rxb8 Qxb8 29. dxe4 fxe4 30. Qb6 Qxb6 31. cxb6 Rb7 32. Rb1 Ne5 33. Bf1 Nd7 34. Ba6 Rxb6 35. Rxb6 Nxb6 36. Nb3 Kg7 37. Kf1 Kf6 38. Ke2 Ke5 39. Ke3 d4+ 40. Nxd4 Nd5+ 41. Ke2 Kxd4 42. Bb7 Ke5 43. h4 Ne7 44. f4+ Kd4 45. Ba6 Bc4+ 46. Bxc4 Kxc4 47. Ke3 Kd5 48. g4 Ng8 49. g5 h5 50. Ke2 Ke6 51. Kf2 Kf5 52. Ke3 Ne7 53. Kf2 Kxf4 54. Ke2 e3 55. Kf1 Kf3 56. Ke1 0-1

[Event "Montreal Saturday op 02"]
[Site "Montreal"]
[Date "2010.03.09"]
[Round "5"]
[White "Millette, Sylvain"]
[Black "Bergeron, Rene"]
[Result "1/2-1/2"]
[WhiteElo "1605"]
[BlackElo "1618"]
[PlyCount "102"]
[EventDate "2010.02.17"]
[EventType "tourn"]
[EventRounds "5"]
[EventCountry "CAN"]
[SourceTitle "EXT 2011"]
[Source "ChessBase"]
[SourceDate "2010.11.26"]
[SourceVersion "1"]
[SourceVersionDate "2010.11.26"]
[SourceQuality "1"]

1. Nf3 d5 2. g3 Nc6 3. Bg2 e5 4. d3 Bg4 5. h3 Bf5 6. Nbd2 Nf6 7. 0-0 Qd7 8. Kh2 0-0-0 9. c4 e4 10. cxd5 Qxd5 11. Ng5 Qd7 12. Ngxe4 Nd5 13. Nc3 Nb6 14. a3 h5 15. f3 g5 16. Nde4 g4 17. h4 Bxe4 18. fxe4 Bd6 19. Bf4 Ne5 20. b3 Rhf8 21. d4 Ng6 22. e5 Nxf4 23. Rxf4 Be7 24. e3 f6 25. exf6 Rxf6 26. Rxf6 Bxf6 27. Qd3 Qe6 28. Rf1 Bg7 29. Qf5 Re8 30. Qe4 c6 31. Qxe6+ Rxe6 32. Be4 Kd8 33. Rf7 Bh6 34. Rf5 Bxe3 35. d5 cxd5 36. Bxd5 Nxd5 37. Nxd5 Bc1 38. Nf4 Bxf4 39. Rxf4 Re5 40. Rf7 Kc8 41. Kg2 a5 42. Kf2 Kb8 43. b4 axb4 44. axb4 Rb5 45. Rf4 Kc7 46. Ke3 Re5+ 47. Re4 Kd6 48. Kf4 Rb5 49. Rd4+ Ke6 50. Re4+ Kd6 51. Ke3 Re5 1/2-1/2

[Event "Montreal Saturday op 02"]
[Site "Montreal"]
[Date "2010.02.17"]
[Round "1"]
[White "Bergeron, Rene"]
[Black "Guindon, Alex"]
[Result "1-0"]
[WhiteElo "1618"]
[BlackElo "1485"]
[PlyCount "37"]
[EventDate "2010.02.17"]
[EventType "tourn"]
[EventRounds "5"]
[EventCountry "CAN"]
[SourceTitle "EXT 2011"]
[Source "ChessBase"]
[SourceDate "2010.11.26"]
[SourceVersion "1"]
[SourceVersionDate "2010.11.26"]
[SourceQuality "1"]

1. e4 e5 2. Nf3 Nf6 3. Nxe5 d6 4. Nf3 Nxe4 5. d4 d5 6. c4 dxc4 7. Bxc4 Bb4+ 8. Nbd2 0-0 9. 0-0 Re8 10. Qb3 Bxd2 11. Bxf7+ Kh8 12. Bxe8 Bxc1 13. Qf7 Qf6 14. Raxc1 Qxf7 15. Bxf7 c6 16. Rfe1 Nd6 17. Be6 Bxe6 18. Rxe6 Nd7 19. Rxd6 1-0

[Event "Montreal Saturday op 11"]
[Site "Montreal"]
[Date "2009.12.09"]
[Round "4"]
[White "Bergeron, Rene"]
[Black "Dubois, Laurent"]
[Result "1-0"]
[WhiteElo "1548"]
[BlackElo "1566"]
[PlyCount "25"]
[EventDate "2009.11.18"]
[EventType "tourn"]
[EventRounds "5"]
[EventCountry "CAN"]
[SourceTitle "EXT 2011"]
[Source "ChessBase"]
[SourceDate "2010.11.26"]
[SourceVersion "1"]
[SourceVersionDate "2010.11.26"]
[SourceQuality "1"]

1. e4 e6 2. c4 d5 3. cxd5 exd5 4. exd5 Qxd5 5. Nc3 Qa5 6. Bc4 Nf6 7. Qb3 Qe5+ 8. Nge2 Be6 9. Bxe6 fxe6 10. Qxb7 Bc5 11. Qxa8 0-0 12. Qf3 Nc6 13. Qxc6 1-0

[Event "Montreal Mercredi 11"]
[Site "Montreal"]
[Date "2008.12.17"]
[Round "5"]
[White "Bergeron, Rene"]
[Black "Fortin Lavoie, Patrice"]
[Result "1-0"]
[WhiteElo "1526"]
[BlackElo "1425"]
[PlyCount "107"]
[EventDate "2008.11.19"]
[EventType "tourn"]
[EventRounds "5"]
[EventCountry "CAN"]
[SourceTitle "EXT 2011"]
[Source "ChessBase"]
[SourceDate "2010.11.26"]
[SourceVersion "1"]
[SourceVersionDate "2010.11.26"]
[SourceQuality "1"]

1. e4 c5 2. Nf3 e6 3. c3 b6 4. d4 Bb7 5. d5 Nf6 6. Bg5 h6 7. Bxf6 Qxf6 8. Be2 exd5 9. exd5 Bd6 10. 0-0 0-0 11. Na3 Na6 12. Nc4 Bb8 13. Re1 Nc7 14. Ne3 b5 15. d6 Ne8 16. Bxb5 Bxd6 17. Nd5 Qd8 18. Qd3 Nc7 19. Bc4 Ne6 20. Rad1 Bc6 21. Qf5 Bb8 22. Bd3 g6 23. Qe4 Ng5 24. Nxg5 Qxg5 25. Ne7+ Kh7 26. Nxc6 dxc6 27. Qxc6 Rd8 28. g3 Bd6 29. Bxg6+ Qxg6 30. Re3 Bf8 31. Qxg6+ fxg6 32. Red3 Re8 33. Rd7+ Re7 34. Rxe7+ Bxe7 35. Rd7 Re8 36. Rxa7 g5 37. a4 Kg6 38. Rb7 Kf5 39. a5 Kg4 40. Kg2 Bf8 41. a6 Ra8 42. a7 c4 43. Rb8 Rxa7 44. Rxf8 Rb7 45. Rc8 Rxb2 46. Rxc4+ Kf5 47. Kf3 Ke5 48. Rc6 Rb3 49. Rxh6 Rxc3+ 50. Kg4 Rc2 51. h4 Ra2 52. Kh5 Ra8 53. Rg6 Kf5 54. g4+ 1-0

[Event "Montreal Mercredi 04"]
[Site "Montreal"]
[Date "2008.04.16"]
[Round "3"]
[White "Germain, Max"]
[Black "Bergeron, Rene"]
[Result "0-1"]
[WhiteElo "1524"]
[BlackElo "1530"]
[PlyCount "61"]
[EventDate "2008.04.02"]
[EventType "tourn"]
[EventRounds "5"]
[EventCountry "CAN"]
[SourceTitle "EXT 2011"]
[Source "ChessBase"]
[SourceDate "2010.11.26"]
[SourceVersion "1"]
[SourceVersionDate "2010.11.26"]
[SourceQuality "1"]

1. d4 d5 2. c4 e6 3. Nc3 Nf6 4. cxd5 exd5 5. Bg5 Be7 6. f3 0-0 7. Bh4 c6 8. e3 Nfd7 9. Bf2 b5 10. a3 Nb6 11. Qc2 N8d7 12. Bd3 Nf6 13. Nge2 h6 14. 0-0 Nh5 15. e4 Bh4 16. exd5 Bxf2+ 17. Rxf2 cxd5 18. Nxb5 Be6 19. b3 Rc8 20. Qd2 a6 21. Nbc3 a5 22. a4 Qh4 23. Raf1 Kh8 24. Nd1 Ra8 25. Ne3 Nd7 26. Nf5 Qf6 27. Nfg3 Nxg3 28. hxg3 Nb8 29. Bb5 Bd7 30. Bxd7 Nxd7 31. Nc3 0-1

[Event "Montreal Mercredi 02"]
[Site "Montreal"]
[Date "2008.02.20"]
[Round "1"]
[White "Bergeron, Rene"]
[Black "Zhang, Zhiyuan"]
[Result "0-1"]
[WhiteElo "1539"]
[BlackElo "1479"]
[PlyCount "57"]
[EventDate "2008.02.20"]
[EventType "tourn"]
[EventRounds "5"]
[EventCountry "CAN"]
[SourceTitle "EXT 2011"]
[Source "ChessBase"]
[SourceDate "2010.11.26"]
[SourceVersion "1"]
[SourceVersionDate "2010.11.26"]
[SourceQuality "1"]

1. e4 e5 2. Nf3 Nc6 3. Bc4 Bc5 4. c3 Nf6 5. d4 exd4 6. cxd4 Bb4+ 7. Bd2 Bxd2+ 8. Nbxd2 d5 9. exd5 Nxd5 10. 0-0 0-0 11. a3 Bg4 12. Qc2 Nf6 13. Qd3 Qd6 14. Rad1 Rad8 15. Ne4 Nxe4 16. Qxe4 Bxf3 17. Qxf3 b6 18. Bd3 Nxd4 19. Qe4 Qg6 20. Qe3 Qf6 21. Qe4 g6 22. Qb7 Ne6 23. Qxa7 Qxb2 24. Qa4 Nc5 25. Qc4 Qxa3 26. Bb1 Rxd1 27. Rxd1 Qb3 28. Qd4 Ne6 29. Re1 0-1